000
00204nam a22000857a 4500
008
161130b xxu||||| |||| 00| 0 eng d
100
_9
1599
_a
NCERT
245
_a
Math Magic-III
260
_a
New Delhi
_b
NCERT
_c
2006
999
_c
4317
_d
4317